书目信息 |
| 题名: |
可持续发展与中国自然资源物权制度之变革
|
|
| 作者: | 桑东莉 著 | |
| 分册: | ||
| 出版信息: | 北京 科学出版社 2006 |
|
| 页数: | 11,230页 | |
| 开本: | 21cm | |
| 丛书名: | 环境法学文库 | |
| 单 册: | ||
| 中图分类: | D922.604 , D923.24 | |
| 科图分类: | ||
| 主题词: | 自然资源保护法--物权--研究--中国 | |
| 电子资源: | ||
| ISBN: | 7-03-017795-9 | |
| 000 | 01175oam2 2200301 450 | |
| 001 | 012004084265 | |
| 005 | 20070805081006.35 | |
| 009 | 012004084265 | |
| 010 | @a7-03-017795-9@dCNY20.00 | |
| 035 | @a(110019)012006108668 | |
| 100 | @a20061025d2006 em y0chiy0110 ea | |
| 101 | 0 | @achi |
| 102 | @aCN@b110000 | |
| 105 | @ay z 000yy | |
| 106 | @ar | |
| 200 | 1 | @a可持续发展与中国自然资源物权制度之变革@Ake chi xu fa zhan yu zhong guo zi ran zi yuan wu quan zhi du zhi bian ge@f桑东莉著@Fsang dong li zhu |
| 210 | @a北京@c科学出版社@d2006 | |
| 215 | @a11,230页@d21cm | |
| 225 | 2 | @a环境法学文库@Ahuan jing fa xue wen ku |
| 300 | @a教育部人文社会科学重点研究基地 | |
| 330 | @a本书将自然资源物权制度置于可持续发展这样一个宏大的研究视野下,以自然资源物权制度的环境保护功能为研究进路,力图站在现代价值观念的高度上,从制度变革的时代需求、现行制度缺失环境保护功能的症结等方面对中国自然资源制度物权进行了宏观的、整体性的制度解构。 | |
| 461 | 0 | @12001 @a环境法学文库 |
| 606 | 0 | @a自然资源保护法@x物权@x研究@y中国 |
| 690 | @aD922.604@v4 | |
| 690 | @aD923.24@v4 | |
| 701 | 0 | @a桑东莉@Asang dong li@4著 |
| 801 | 0 | @aCN@b110019@c20070805 |
| 905 | @dD922.604@e806@f5 | |
| 可持续发展与中国自然资源物权制度之变革/桑东莉著.-北京:科学出版社,2006 |
| 11,230页;21cm.-(环境法学文库) |
| 教育部人文社会科学重点研究基地 |
| ISBN 7-03-017795-9:CNY20.00 |
| 本书将自然资源物权制度置于可持续发展这样一个宏大的研究视野下,以自然资源物权制度的环境保护功能为研究进路,力图站在现代价值观念的高度上,从制度变革的时代需求、现行制度缺失环境保护功能的症结等方面对中国自然资源制度物权进行了宏观的、整体性的制度解构。 |
| ● |
| 相关链接 |
|
|
|
|
正题名:可持续发展与中国自然资源物权制度之变革
索取号:D922.604/806
 
预约/预借
| 序号 | 登录号 | 条形码 | 馆藏地/架位号 | 状态 | 备注 |
| 1 | 0852517 | 208525176 | 第一样本阅览室/ [索取号:D922.604/806] | 在馆 | |
| 2 | 0852518 | 208525185 | 第一借阅区/ [索取号:D922.604/806] | 在馆 | |
| 3 | 0852519 | 208525194 | 第一借阅区/ [索取号:D922.604/806] | 在馆 | |
| 4 | 0852520 | 208525201 | 第一借阅区/ [索取号:D922.604/806] | 在馆 | |
| 5 | 0852521 | 208525210 | 第一借阅区/ [索取号:D922.604/806] | 在馆 |